Estatísticas para Cultura Geral

Clique aqui para jogar o quiz

Estatísticas Gerais

  • Esse quiz foi jogado 26 vezes
  • A pontuação média é 7 de 15

Estatísticas das Respostas

HintResposta% Correto
Como se diz dinheiro em inglês?Money
87%
Em que país é passada a série La casa de papel?Espanha
78%
Em que filme um animal chinês torna-se mestre de artes marciais?Panda do Kung Fu
78%
Em que filme um ogro e um burro partem em uma missão para salvar uma princesa?Shrek
78%
Que evento Tóquio sediou em 1964 e em 2021?Jogos Olímpicos
70%
Qual é a capital estrangeira mais próxima de Tóquio?Seul
61%
Qual é o sobrenome dos irmãos musicais Nick, Joe e Kevin?Jonas
52%
Que país o Iraque invadiu em 1990, iniciando a guerra?Kuwait
52%
Qual subúrbio de Tóquio, começando com a letra Y, é a segunda cidade mais populosa do Japão?Yokohama
43%
Que comida às vezes é chamada de versão francesa de uma panqueca?Crepe
39%
Que guia de culinária concedeu mais de 300 "estrelas" aos restaurantes de Tóquio, de longe o maior número de qualquer cidade?Michelin
35%
Em que filme criaturas feias e más só podem se sentir felizes quando comem uma pequena criatura feliz com cabelo de arco-íris?Trolls
35%
Quem canta a música "Time after Time"?Cyndi Lauper
13%
Quem fez o papel de professor na série La casa de papel?Álvaro Norte
4%
O que significa o H no título do programa de TV M*A*S*H?Hospital
4%

Distribuição das Pontuações

Percentil de Números Respondidos

Porcentagem de Pessoas com Cada Pontuação

Sua Pontuação Histórica

Você não jogou esse quiz